[Event "SVK-chT2C 0506"]
[Site "Slovakia"]
[Date "2006.02.12"]
[Round "9.7"]
[White "Bakalar, Jan"]
[Black "Dobrik, Vladimir"]
[Result "1-0"]
[WhiteElo "2099"]
[BlackElo "1734"]
[PlyCount "89"]
[EventDate "2005.10.22"]
[EventType "team-tourn"]
[EventRounds "11"]
[EventCountry "SVK"]
[SourceTitle "EXT 2009"]
[Source "ChessBase"]
[SourceDate "2008.11.26"]
[SourceVersion "1"]
[SourceVersionDate "2008.11.26"]
[SourceQuality "1"]

1. e4 e5 2. Nf3 Nc6 3. Bb5 a6 4. Ba4 Nf6 5. d3 d6 6. c3 Bg4 7. h3 Bh5 8. Nbd2 Be7 9. g4 Bg6 10. Nf1 h5 11. g5 Nd7 12. h4 Nb6 13. Bc2 Qd7 14. b4 f5 15. a4 0-0 16. a5 Nc8 17. Qe2 b6 18. Ng3 f4 19. Nf1 bxa5 20. d4 Bd8 21. d5 N6e7 22. Rxa5 Nb6 23. c4 Qc8 24. c5 Nd7 25. c6 Nb6 26. Bd3 Qb8 27. Bd2 Re8 28. Bc3 Nexd5 29. Bc4 Nxc4 30. Qxc4 Bf7 31. exd5 e4 32. Ng1 Qc8 33. Ne2 Qf5 34. Bd2 f3 35. Ne3 Qc8 36. Ng3 Bg6 37. Bc3 Re7 38. Qa2 Rf7 39. b5 Be7 40. bxa6 Qb8 41. a7 Qc8 42. Qb2 Kh7 43. Bd4 Bf8 44. Qb7 Qd8 45. Rb5 1-0